| Поле | Инд. | ПП | Название | Значение |
|---|---|---|---|---|
| Тип записи | a | |||
| Библиографический уровень | a | |||
| 001 | Контрольный номер | 574bef481e0e451f932f37948422b693 | ||
| 005 | Дата корректировки | 20221208135115.0 | ||
| 100 | a | Данные общей обработки | 20190518 ||| 0rusy0189 ca | |
| 101 | 0_ | a | Язык текста | rus |
| 102 | a | Страна публикации | RU | |
| 200 | 1_ | f | Первые сведения об ответственности | В.Е. Сафонов |
| a | Заглавие | Соглашения от 20 марта 1919 г. об образовании Башкирской АССР как позитивное основание организации государственной власти в СССР | ||
| b | Общее обозначение материала | Текст | ||
| 210 | 1_ | d | Дата издания | 2019 |
| 461 | _0 | 1 | 2000 | |
| a | История государства и права | |||
| 463 | _0 | 1 | 2000 | |
| a | № 3 | |||
| v | С. 38-43 | |||
| 1 | 2101 | |||
| d | 2019 | |||
| 1 | 001a3e68eaf38224c9190e51dcbef4918bf | |||
| 606 | a | Основная рубрика | Конституционное (государственное) право | |
| 610 | 0_ | a | Ключевые слова | РГУП. |
| a | Ключевые слова | ИСТОРИЯ ПРАВА | ||
| a | Ключевые слова | СОВЕТСКОЕ ПРАВО | ||
| a | Ключевые слова | ФЕДЕРАЛИЗМ | ||
| a | Ключевые слова | СУБЪЕКТ ПРАВА | ||
| a | Ключевые слова | ГОСУДАРСТВЕННОЕ ПРАВО | ||
| 700 | _1 | a | Фамилия | Сафонов |
| b | Имя | В.Е. | ||
| 801 | _0 | a | Страна | RU |
| b | Организация | РГУП | ||
| c | Дата составления | 20190518 | ||
| g | Правила каталогизации | PSBO | ||
| 801 | _1 | a | Страна | RU |
| b | Организация | РГУП | ||
| c | Дата составления | 20190518 | ||
| g | Правила каталогизации | PSBO | ||
| 901 | t | Тип документа | b | |
| w | Контрольный № источника | a3e68eaf38224c9190e51dcbef4918bf | ||
| 905 | a | Дата ввода | 20190518 |